Países de Oceanía - Ducus - Estadísticas

Estadísticas generales
  • Esta prueba ha sido intentada 60 veces
  • La puntuación promedio es 12 de 14
Respuestas en el mapa
Las respuestas están codificadas por una escala verde-roja en el mapa de la prueba según el % correcto abajo.
 
Estadísticas de respuestas
País % Correcto
Australia
100%
Islas Marshall
100%
Nueva Zelanda
100%
Papua Nueva Guinea
97%
Islas Salomón
94%
Fiyi
91%
Kiribati
91%
Nauru
88%
Samoa
88%
Estados Federados de Micronesia
82%
Tuvalu
82%
Vanuatu
82%
Tonga
79%
Palaos
76%
No se encontraron pruebas coincidentes
Distribución de puntuación
Porcentaje de gente con cada puntuación
Porcentaje por número respondido
Historial de tus puntuaciones
No has intentado esta prueba.